00378nam a2200157Ia 450000500170000000800410001702000180005804000130007608200160008910000140010524500220011926000240014130000090016554600120017465000340018620251002173134.0231207s9999 xx 000 0 und d a9780415278157 cPK-LaNCA a781.63bHUQ aHuq, Rupa 0aBeyond subculture bRoutledgeaUKc2006 a217p aEnglish aPopular Music, Social Aspects